000 01074nam a2200265Ia 4500
008 130821s1961 ag gr spa
040 _aCo-BoUCM
_bspa
041 0 0 _aspa
100 1 _aSeraphim, Hans-Jürgen
_d1899-1962
_9142153
245 1 0 _aPolítica económica general
_cHans Jürgen Seraphin ; traducción de Guillermo H. Arnold ; supervisión de Roberto A. Champredonde y prólogo de Oreste Popescu
260 _aBuenos Aires (Argentina)
_bEl ateneo
_c1961
300 _axviii, 323 páginas
490 0 _aBiblioteca de Ciencias Económicas.
_aSección economía política
500 _aDonación Dr. Álvaro Daza Roa.
500 _aIncluye índice.
650 0 4 _aEconomía política
_913709
650 0 4 _aEconomía
_9174
650 0 4 _aTeoría económica
_925318
700 1 _aArnold, Guillermo H.
_etrad.
_9110969
700 1 _aChampredonde, Roberto A.
_9142154
700 1 _aPopescu, Oreste
_epról.
_9109675
765 0 _tTheorie der allgemeinen volkswirtschaftspolitik
942 _cLIBRO
_a7
_e1
_mS481p
_2DEWEY
_h330.1
999 _c71676
_d71676